| 000 | 00354nam a2200133Ia 4500 | ||
|---|---|---|---|
| 008 | 240624s9999 xx 000 0 und d | ||
| 041 | _aeng | ||
| 082 | _a423.52 DIX | ||
| 100 | _aDIXSON ROBERT J | ||
| 245 | _aEVERYDAY DIALOGUES IN ENGLISH | ||
| 260 |
_c2008 _aNew Delhi _bPrentice-Hall of India |
||
| 300 | _axi, : 189 : p. : cm. ; 24 | ||
| 365 |
_cRS _b36 |
||
| 999 |
_c10253 _d10253 |
||